LEADER 00814nam0-22002891i-450- 001 990006519230403321 005 20001010 035 $a000651923 035 $aFED01000651923 035 $a(Aleph)000651923FED01 035 $a000651923 100 $a20001010d--------km-y0itay50------ba 101 0 $aita 105 $ay-------001yy 200 1 $a<>CARCERE imperialista$eTeoria e pratica dei proletari prigionieri nei documenti dei comitati di lotta 210 $aVerona$cControinformazione-Bertani$d1979. 215 $aXXXVI, 154 p.$d22 cm 225 1 $aArchivio$v1 676 $a365 801 0$aIT$bUNINA$gRICA$2UNIMARC 901 $aBK 912 $a990006519230403321 952 $aIX A 148$b12618$fFSPBC 959 $aFSPBC 996 $aCARCERE imperialista$9620719 997 $aUNINA DB $aGEN01 LEADER 00999nam1-22003491n-450- 001 990001129600203316 005 20050426113610.0 035 $a000112960 035 $aUSA01000112960 035 $a(ALEPH)000112960USA01 035 $a000112960 100 $a20030128-1981----m||y0itay0103----ba 101 0 $aita 102 $aIT 200 1 $a<> gaia musa$fFiorenzo Lancini, Paolo Sangalli 210 $aMilano$cGammalibri$d1981 215 $a132 p.$cill.$d21 cm 225 2 $aGammalibri$v1 410 $12001$aGammalibri$v1 676 $a791.43653 700 1$aLANCINI,$bFiorenzo$0554766 701 1$aSANGALLI,$bPaolo$0554767 801 0$aIT$bsalbc$gISBD 912 $a990001129600203316 951 $aXIII.2. 667(XVI D 272)$b138749 L.M.$cXVI D$d00083630 959 $aBK 969 $aUMA 979 $aRENATO$b10$c20030128$lUSA01$h1157 979 $aPATRY$b90$c20040406$lUSA01$h1718 979 $aCOPAT2$b90$c20050426$lUSA01$h1136 996 $aGaia musa$9980019 997 $aUNISA